| 000 | 00909nam a22002777a 4500 | ||
|---|---|---|---|
| 001 | 8218 | ||
| 003 | FISKH | ||
| 005 | 20250903102514.0 | ||
| 008 | 250903b cb ||||| |||| 00| 0 eng d | ||
| 020 | _a708431212299 | ||
| 040 |
_aFISKH _beng _cFISKH _dFISKH |
||
| 050 | _aPZ7 | ||
| 082 | _a398.2 | ||
| 100 | _aLeapfrog | ||
| 245 |
_aCars 2 : Project undercover / _cBy Leapfrog |
||
| 260 |
_aEmeryville, CA , _bLeapfrog , _c2011. |
||
| 300 |
_a25 pages : _bcolor illustrations; _c24 cm . |
||
| 490 | _aCars (Disney•Pixar) (Readers — Tag Reader) | ||
| 505 | _aJ | ||
| 520 | _aTeaches world cultures, feelings and emotions, advanced vocabulary and first words in world languages through the adventures of Mater and Lightning McQueen. | ||
| 521 | 8 |
_a500
_bLexile estimate |
|
| 521 | 8 |
_aJ
_bRaz-Plus |
|
| 700 |
_aIboix, Estudi _eIllustrator |
||
| 942 |
_2ddc _cBK _n0 |
||
| 999 |
_c8218 _d8218 |
||